Blue Moon - Song lyrics - Statistics

General Stats
  • This quiz has been taken 18 times
  • The average score is 19 of 23
Answer Stats
Lyric % Correct
Without a {dream} in my heart
100%
Without a {love} of my own
100%
Blue moon, now I‘m no longer {alone}
92%
Blue Moon, you saw me {standing} alone
92%
Without a {dream} in my heart
92%
{Without} a dream in my heart
92%
Without a love of {my} {own}
92%
Without a love {of} my {own}
92%
Blue {moon}, now I‘m no longer alone
85%
Blue moon, you {knew} just what I was there for
85%
Someone I really could {care} for
85%
The only one my arms will ever {hold}
85%
Without a {dream} in my {heart}
85%
Without a {love} of my own
85%
You heard me saying a {prayer} for
85%
{Blue} moon, now I‘m no longer alone
77%
And then there suddenly {appeared} before me
69%
And then there {suddenly} appeared before me
69%
And when I looked, the {moon} had turned to {gold}
69%
And when I {looked}, the moon had turned to {gold}
69%
I heard somebody {whisper} „please {adore} me“
69%
I {heard} somebody whisper „Please {adore} me“
69%
The only one my {arms} will hold
69%
No matching quizzes found
Score Distribution
Percent of People with Each Score
Percentile by Number Answered
Your Score History
You have not taken this quiz